000 00983aam a2200337 i 4500
001 768714001
003 CO-MdFUSB
005 20240920161106.0
007 ta
008 240920t1948 sp ||||| |||| 00| 0 spa d
040 _cCO-MdFUSB
041 0 _aspa
_hheb
041 0 _aara
082 0 4 _a492.4
_223
_bD693
100 1 _aDorado, Guillermo G.
_eautor
245 1 0 _aManual de hebreo y arameo bíblicos :
_bgramática hebrea
_c/ Guillermo G. Dorado
250 _atercera edición
264 1 _bEl perpetuo socorro,
_aMadrid, España :
_c[1948]
264 4 _c©1948
300 _a69 páginas
_c; 26 cm
336 _atexto
_btxt
_2rdacontent
337 _2rdamedia
_asin mediación
_bn
338 _2rdacarrier
_avolumen
_bnc
505 _aEscritura y lectura. -- Principales leyes fonéticas. -- Morfología
563 _aRústico
653 _aManual de hebreo
653 _aManual de arameo
942 _cBK
945 _aJTF-925
999 _c40236
_d40236